Obtíže německé transformace.

Prehľad ťažkostí, s ktorými sa stretáva spojenie západného a východného Nemecka a analýza ich príčin. Zvyšovanie miezd versus zvyšovanie investícií. Neočakávane vysoké náklady na ozdravenie východonemeckej ekonomiky.

Gespeichert in:
Bibliographische Detailangaben
1. Verfasser: Urban, Luděk
Format: Buchkapitel
Sprache:Tschechisch
Schlagworte:
Tags: Tag hinzufügen
Keine Tags, Fügen Sie das erste Tag hinzu!

MARC

LEADER 00000naa a2200000 4500
001 r004579
005 20221125081219.1
041 0 |a cze 
044 |a [CS] 
245 1 0 |a Obtíže německé transformace.  |c Luděk Urban 
520 |a Prehľad ťažkostí, s ktorými sa stretáva spojenie západného a východného Nemecka a analýza ich príčin. Zvyšovanie miezd versus zvyšovanie investícií. Neočakávane vysoké náklady na ozdravenie východonemeckej ekonomiky. 
610 2 0 |a rozvoj hospodársky 
610 2 0 |a Nemecko 
610 2 0 |a reformy hospodárske 
610 2 0 |a mzdy 
610 2 0 |a investície 
610 2 0 |a východné Nemecko 
100 1 |a Urban, Luděk